| 000 | 01025nam a2200253 a 4500 | ||
|---|---|---|---|
| 001 | 80049 | ||
| 003 | BD-RjUL | ||
| 005 | 20230406101927.0 | ||
| 008 | 220627s2004 bg a|||| m||| 00| 0 eng d | ||
| 035 | _a(BD-RjUL)80049 | ||
| 040 |
_aBD-RjUL _beng _cBD-RjUL _dBD-RjUL |
||
| 041 | _aeng | ||
| 082 |
_223 _a618.3 _bANA 2004 |
||
| 100 |
_aULLAH, MD.ANAYET _93917 |
||
| 245 | 1 | 0 |
_a"Asymptomatic Bacteriuria During Pregnancy In Rajshahi Metropolitan Area : _bRisk Factors And Its Materno-Fetal Complications" / _cMD. ANAYET ULLAH _6Supervisor : Nurul Absar |
| 260 |
_aRajshahi : _bInstitute of Biological Sciences, University of Rajshahi _c2004 |
||
| 300 |
_axiv, [1], 73 leaves : _bill.; _c29 cm. |
||
| 502 | _aThesis(Ph. D.)-- Institute of Biological Sciences,University of Rajshahi,2004 | ||
| 504 | _aReferences : leaves 62-68 | ||
| 650 |
_aGyneeology _xPregnancy _zRajshahi Metropolitan _93918 |
||
| 650 |
_aDiseases _xComplications _zRajshahi Metropolitan _93919 |
||
| 700 |
_aAbsar, Nurul, Supervisor _93389 |
||
| 942 |
_2ddc _cTHE |
||
| 999 |
_c80049 _d80049 |
||